| 000 | 00705nam a22002537a 4500 | ||
|---|---|---|---|
| 003 | UA-OsUOA | ||
| 001 | 76548 | ||
| 007 | ta | ||
| 008 | 20110708b un ||||| |||| 00| 0 ukr d | ||
| 100 | _aГримак Л. П. | ||
| 090 |
_a159.92 _bГ84 |
||
| 942 | _cBK | ||
| 040 |
_aUA-OsUOA _brus _cUA-OsUOA _dUA-OsUOA |
||
| 245 | _aРезервы человеческой психики: введение в психологию активности | ||
| 300 | _a319 с. | ||
| 955 | _a2 | ||
| 041 | _arus | ||
| 080 | _a159.92 | ||
| 020 | _a5-250-01002-4 | ||
| 260 |
_aМ. _bПолитиздат _c1989 |
||
| 250 | _nизд. 2-е, доп. | ||
| 650 | 7 |
_a159.9 Психологія _2UDC |
|
| 999 |
_c362849 _d362849 |
||